[Event "Quebec-ch classe U2000"]
[Site "Montreal CAN"]
[Date "2013.01.19"]
[Round "2"]
[White "Lacroix, Serge"]
[Black "Heredia, Jose"]
[Result "1/2-1/2"]
[WhiteElo "1914"]
[BlackElo "1766"]
[PlyCount "84"]
[EventDate "2013.01.18"]
[EventType "swiss"]
[EventRounds "5"]
[EventCountry "CAN"]

1. e4 c6 2. d4 d5 3. Nc3 dxe4 4. Nxe4 Nd7 5. Nf3 Ngf6 6. Nxf6+ Nxf6 7. Bd3 Bg4
8. c3 Qd5 9. Qe2 e6 10. Bf4 Be7 11. Qe3 Bf5 12. Bxf5 Qxf5 13. Qe5 Qxe5+ 14.
Bxe5 O-O 15. Bxf6 Bxf6 16. O-O-O a5 17. Ne5 Rfd8 18. a4 c5 19. Nf3 cxd4 20.
Nxd4 Bxd4 21. Rxd4 Rxd4 22. cxd4 Rc8+ 23. Kd2 Kf8 24. Rc1 Rxc1 25. Kxc1 Ke7 26.
Kd2 Kd6 27. Kd3 Kd5 28. h4 h5 29. f3 f6 30. g4 g6 31. gxh5 gxh5 32. f4 f5 33.
b3 b6 34. Ke3 Kc6 35. Kd3 b5 36. axb5+ Kxb5 37. Kc3 Kb6 38. Kd3 Kc7 39. Kc4 Kc6
40. Kd3 Kd5 41. Ke3 Kc6 42. Kd3 Kd5 1/2-1/2

[Event "Quebec-ch classe U2000"]
[Site "Montreal CAN"]
[Date "2013.01.20"]
[Round "4"]
[White "Lacroix, Serge"]
[Black "Gunapalan, David"]
[Result "1/2-1/2"]
[WhiteElo "1914"]
[BlackElo "1886"]
[PlyCount "117"]
[EventDate "2013.01.18"]
[EventType "swiss"]
[EventRounds "5"]
[EventCountry "CAN"]

1. e4 e5 2. Nf3 Nc6 3. Bb5 a6 4. Ba4 Nf6 5. O-O b5 6. Bb3 Be7 7. Re1 O-O 8. c3
d5 9. exd5 Nxd5 10. Nxe5 Nxe5 11. Rxe5 c6 12. d4 Bd6 13. Re1 Qh4 14. g3 Qh3 15.
Qd3 Bf5 16. Qf1 Qh5 17. Be3 Bh3 18. Qe2 Bg4 19. Qf1 f5 20. f4 Rae8 21. Nd2 Kh8
22. Bxd5 cxd5 23. Qg2 Qf7 24. a4 b4 25. Bf2 bxc3 26. bxc3 Bc7 27. Nf3 Bxf3 28.
Qxf3 Re4 29. Qd3 Ba5 30. Rxe4 dxe4 31. Qxa6 Bxc3 32. Rc1 Bd2 33. Rd1 e3 34. Be1
Qd5 35. Bxd2 Qxd4 36. Kg2 exd2 37. Qe2 Rd8 38. a5 Qd5+ 39. Kh3 Qxa5 40. Qe5
Qxe5 41. fxe5 g5 42. e6 Kg7 43. e7 Re8 44. Rxd2 Rxe7 45. Kg2 g4 46. Kf2 Kf6 47.
Rd6+ Kg5 48. Rd4 Rb7 49. Rd2 Rb3 50. Rc2 Rf3+ 51. Kg2 Rd3 52. Ra2 h5 53. Ra8
Rd2+ 54. Kg1 Rd6 55. Kg2 Rh6 56. h4+ gxh3+ 57. Kxh3 Rh7 58. Rg8+ Kf6 59. Rf8+
1/2-1/2

[Event "Mercredi 2013.01.09 ABCD"]
[Site "Montreal CAN"]
[Date "2013.01.09"]
[Round "1"]
[White "Dumouchel, Alain"]
[Black "Lacroix, Serge"]
[Result "1-0"]
[WhiteElo "2020"]
[BlackElo "1914"]
[PlyCount "59"]
[EventDate "2013.01.09"]
[EventType "tourn"]
[EventRounds "5"]
[EventCountry "CAN"]

1. e4 e5 2. Nf3 Nc6 3. Bc4 Bc5 4. b4 Bxb4 5. c3 Ba5 6. d4 exd4 7. O-O Nf6 8.
cxd4 Nxe4 9. d5 Nd6 10. dxc6 dxc6 11. Bd3 Be6 12. Bg5 f6 13. Qa4 Bd5 14. Qxa5
Bxf3 15. Re1+ Kf8 16. Bf4 Bd5 17. Nc3 Bf7 18. Rad1 b6 19. Qa4 b5 20. Qb4 a5 21.
Qc5 b4 22. Ne4 Bd5 23. Nxd6 cxd6 24. Bxd6+ Kf7 25. Re7+ Kg8 26. Bc4 h6 27. Rxd5
cxd5 28. Qxd5+ Kh7 29. Rxg7+ Kxg7 30. Qf7# 1-0

[Event "Mercredi 2013.01.09 ABCD"]
[Site "Montreal CAN"]
[Date "2013.01.29"]
[Round "2"]
[White "Lacroix, Serge"]
[Black "Boudreau, Daniel"]
[Result "0-1"]
[WhiteElo "1914"]
[BlackElo "2009"]
[PlyCount "88"]
[EventDate "2013.01.09"]
[EventType "tourn"]
[EventRounds "5"]
[EventCountry "CAN"]

1. e4 c5 2. Nf3 e6 3. d4 cxd4 4. Nxd4 Nc6 5. Nc3 a6 6. a4 Qc7 7. Be2 Nf6 8. O-O
Bb4 9. Nxc6 bxc6 10. f3 Bd6 11. f4 Bc5+ 12. Kh1 d6 13. e5 dxe5 14. fxe5 Qxe5
15. Bf4 Qd4 16. Bf3 Qxd1 17. Raxd1 Bd7 18. Ne4 Nxe4 19. Bxe4 Ra7 20. Bd6 Bxd6
21. Rxd6 Ke7 22. Rd3 c5 23. Rg3 g6 24. h3 f5 25. Bd3 e5 26. Bc4 Be6 27. Bxe6
Kxe6 28. Rd3 Rd7 29. Rc3 Rd5 30. h4 Rhd8 31. Kg1 e4 32. g3 Ke5 33. Rf2 h6 34.
Kg2 g5 35. hxg5 hxg5 36. Kf1 f4 37. gxf4+ gxf4 38. Rh3 f3 39. Rh5+ Kf4 40. Rxd5
Rxd5 41. Kg1 Kg3 42. Rf1 e3 43. c4 f2+ 44. Kh1 Rh5# 0-1

[Event "Mercredi 2013.01.09 ABCD"]
[Site "Montreal CAN"]
[Date "2013.01.23"]
[Round "3"]
[White "Gilniat, Geoffrey"]
[Black "Lacroix, Serge"]
[Result "1-0"]
[WhiteElo "1967"]
[BlackElo "1914"]
[PlyCount "145"]
[EventDate "2013.01.09"]
[EventType "tourn"]
[EventRounds "5"]
[EventCountry "CAN"]

1. e4 e5 2. Nf3 Nc6 3. Bc4 Bc5 4. c3 Nf6 5. d4 exd4 6. cxd4 Bb4+ 7. Nc3 d6 8.
Bg5 Bg4 9. Bb5 h6 10. Bxf6 Qxf6 11. O-O Bxc3 12. bxc3 O-O 13. Bxc6 bxc6 14. Qd3
Rab8 15. Rab1 Rb6 16. Nd2 Rfb8 17. f3 Be6 18. c4 Rxb1 19. Rxb1 Rxb1+ 20. Nxb1
Qg5 21. Nd2 Qa5 22. a3 Qa4 23. Kf2 Qd1 24. Qe2 Qc1 25. Qd3 Qb2 26. Ke2 Qa1 27.
d5 cxd5 28. exd5 Bd7 29. Qe3 Ba4 30. Qxa7 Qd1+ 31. Kd3 Qc2+ 32. Ke2 Qd1+ 33.
Kd3 Bc2+ 34. Kc3 Bg6 35. Qb8+ Kh7 36. Qb2 Qg1 37. a4 Qe3+ 38. Kb4 Qc5+ 39. Kb3
Qb6+ 40. Ka3 Qc5+ 41. Qb4 Qe3+ 42. Nb3 Bb1 43. a5 Qe2 44. Nd2 Qd3+ 45. Qb3 Qxd2
46. Qxb1+ g6 47. Qb4 Qc1+ 48. Ka4 Qc2+ 49. Kb5 Qf2 50. Kc6 Qa7 51. Qb5 h5 52.
a6 h4 53. Qb7 Qc5+ 54. Kd7 Qxc4 55. a7 Qa4+ 56. Kd8 h3 57. gxh3 Qh4+ 58. Kxc7
Qe7+ 59. Kb6 Qe3+ 60. Kc7 Qc5+ 61. Kd7 Qc3 62. a8=Q Qxf3 63. Kxd6 Kg7 64. Qa1+
Kh7 65. Qe5 Qa3+ 66. Kc6 Qa4+ 67. Kb6 Qb4+ 68. Ka7 Qa5+ 69. Qa6 Qc5+ 70. Ka8
Qf8+ 71. Qb8 Qc5 72. d6 Qd5+ 73. Qbb7 1-0

[Event "Mercredi 2013.01.09 ABCD"]
[Site "Montreal CAN"]
[Date "2013.01.30"]
[Round "4"]
[White "Verdejo, Jose"]
[Black "Lacroix, Serge"]
[Result "0-1"]
[WhiteElo "1900"]
[BlackElo "1914"]
[PlyCount "72"]
[EventDate "2013.01.09"]
[EventType "tourn"]
[EventRounds "5"]
[EventCountry "CAN"]

1. d4 Nf6 2. Nf3 g6 3. g3 Bg7 4. Bg2 O-O 5. c4 c5 6. O-O cxd4 7. Nxd4 Nc6 8.
Nc3 Nxd4 9. Qxd4 d6 10. Qh4 Qc7 11. Nb5 Qd7 12. Bd2 a6 13. Nc3 Rb8 14. Rac1 Qg4
15. Qxg4 Bxg4 16. h3 Be6 17. b3 b5 18. Nd5 Bxd5 19. cxd5 Rfc8 20. Rc6 Rxc6 21.
dxc6 d5 22. c7 Rc8 23. Ba5 e6 24. Rc1 Ne8 25. e4 d4 26. f4 e5 27. Rc6 exf4 28.
gxf4 d3 29. Kf1 Bh6 30. f5 Bf4 31. fxg6 hxg6 32. h4 Nd6 33. Bh3 f5 34. exf5
gxf5 35. Rxa6 d2 36. Ke2 Re8+ 0-1

[Event "Mercredi 2013.01.09 ABCD"]
[Site "Montreal CAN"]
[Date "2013.02.06"]
[Round "5"]
[White "Lacroix, Serge"]
[Black "Cloutier, Mathieu"]
[Result "0-1"]
[WhiteElo "1914"]
[BlackElo "2042"]
[PlyCount "84"]
[EventDate "2013.01.09"]
[EventType "tourn"]
[EventRounds "5"]
[EventCountry "CAN"]

1. d4 Nf6 2. c4 c5 3. d5 e6 4. Nc3 exd5 5. cxd5 d6 6. e4 g6 7. f4 Bg7 8. Bb5+
Nfd7 9. Nf3 a6 10. Bxd7+ Nxd7 11. a4 O-O 12. O-O Re8 13. Re1 b6 14. Qc2 Rb8 15.
Bd2 b5 16. axb5 axb5 17. Nd1 b4 18. Ne3 Nb6 19. Ra7 Bb7 20. b3 Nc8 21. Ra2 Ra8
22. Nc4 Rxa2 23. Qxa2 Nb6 24. Qc2 Nxc4 25. Qxc4 Qb6 26. Kh1 Ba6 27. Qc2 c4 28.
Be3 Qb5 29. Qxc4 Qxc4 30. bxc4 Rxe4 31. Nd2 Re8 32. Kg1 Bc3 33. Kf2 b3 34. Rc1
Bxd2 35. Bxd2 Re4 36. Kf3 Rxc4 37. Ke3 b2 38. Rb1 Rc2 39. g4 Bc4 40. Bb4 Ba2
41. Re1 Rc1 42. Ba3 Rxe1+ 0-1

[Event "Pere Noel"]
[Site "Montreal CAN"]
[Date "2011.12.26"]
[Round "1"]
[White "Lacroix, Serge"]
[Black "Trottier, Emile"]
[Result "1-0"]
[WhiteElo "1855"]
[BlackElo "2163"]
[PlyCount "135"]
[EventDate "2011.12.26"]
[EventType "swiss"]
[EventRounds "5"]
[EventCountry "CAN"]

1. d4 e6 2. c4 f5 3. g3 Nf6 4. Nc3 d5 5. Nf3 c6 6. cxd5 exd5 7. Bg2 Bd6 8. Bg5
O-O 9. e3 Qe8 10. Bxf6 Rxf6 11. O-O Nd7 12. Qc2 Rh6 13. Na4 Nf6 14. Nc5 Qh5 15.
Nd3 g5 16. h4 gxh4 17. Nxh4 Ng4 18. Nf4 Qg5 19. Nf3 Qe7 20. Rfe1 Be6 21. a3 Kh8
22. Rab1 Rg8 23. b4 a6 24. Qc3 Qg7 25. Qc2 Bxf4 26. exf4 Bf7 27. Re7 Qf6 28.
Rbe1 Rhg6 29. Ng5 R6g7 30. Rxb7 h6 31. Nxf7+ Rxf7 32. Rxf7 Qxf7 33. Qxc6 Qg7
34. Qxd5 Nxf2 35. Qe5 Qxe5 36. dxe5 Ng4 37. Bf3 h5 38. Bxg4 Rxg4 39. Kf2 Kg7
40. Rh1 Kh6 41. Rd1 Kg7 42. Rd7+ Kg8 43. Ra7 h4 44. gxh4 Rxf4+ 45. Ke3 Rxh4 46.
Rxa6 Re4+ 47. Kf3 Rxe5 48. Ra5 Re1 49. Rxf5 Ra1 50. Ra5 Kf7 51. Ke4 Ke6 52.
Ra6+ Kd7 53. Kd5 Kc7 54. Kc5 Kb7 55. Kb5 Rg1 56. Rd6 Rg3 57. a4 Rg5+ 58. Kc4
Rg4+ 59. Rd4 Rg1 60. a5 Rg5 61. b5 Kc7 62. Rf4 Rg7 63. Rf5 Rg1 64. Rf7+ Kd6 65.
b6 Rg5 66. b7 Rg8 67. Kb5 Rh8 68. Kb6 1-0

[Event "Pere Noel"]
[Site "Montreal CAN"]
[Date "2011.12.27"]
[Round "2"]
[White "Larochelle, Martial"]
[Black "Lacroix, Serge"]
[Result "1/2-1/2"]
[WhiteElo "2220"]
[BlackElo "1855"]
[PlyCount "69"]
[EventDate "2011.12.26"]
[EventType "swiss"]
[EventRounds "5"]
[EventCountry "CAN"]

1. c4 Nf6 2. g3 e6 3. Bg2 d5 4. Nf3 b6 5. O-O Ba6 6. cxd5 exd5 7. Nc3 Be7 8. d4
O-O 9. Ne5 Bb7 10. Qb3 c6 11. Rd1 Nbd7 12. Bf4 Nxe5 13. dxe5 Nd7 14. Qc2 g5 15.
Bc1 Nxe5 16. Qf5 Ng6 17. Qc2 Qc8 18. e4 dxe4 19. Qxe4 Re8 20. Qc2 c5 21. Nd5
Bxd5 22. Rxd5 Qe6 23. Bxg5 Bxg5 24. Rxg5 Rad8 25. h4 h6 26. Rf5 Rd2 27. Qxd2
Qxf5 28. Re1 Rxe1+ 29. Qxe1 Qc2 30. h5 Nf8 31. Qe5 Qc1+ 32. Bf1 Qg5 33. Qb8 Qe7
34. Qf4 Qg5 35. Qb8 1/2-1/2

[Event "Pere Noel"]
[Site "Montreal CAN"]
[Date "2011.12.28"]
[Round "3"]
[White "Lacroix, Serge"]
[Black "Humphreys, Michael"]
[Result "0-1"]
[WhiteElo "1855"]
[BlackElo "2234"]
[PlyCount "84"]
[EventDate "2011.12.26"]
[EventType "swiss"]
[EventRounds "5"]
[EventCountry "CAN"]

1. d4 Nf6 2. c4 e6 3. Nf3 b6 4. Nc3 Bb4 5. e3 Bb7 6. Bd3 O-O 7. O-O d5 8. Qc2
a6 9. a3 Bd6 10. cxd5 exd5 11. b4 Nbd7 12. Bb2 Re8 13. Ne2 Ne4 14. Rac1 Rc8 15.
Ng3 g6 16. Qe2 b5 17. a4 bxa4 18. Bxa6 Bxa6 19. Qxa6 Nb6 20. Nxe4 dxe4 21. Ne5
Ra8 22. Qb5 a3 23. Ba1 Qg5 24. Qc6 Qe7 25. Nc4 Nxc4 26. Rxc4 Ra7 27. b5 Rb8 28.
Rb1 Rb6 29. Qd5 Qh4 30. h3 Qe7 31. Rc6 Qe6 32. Qxe6 fxe6 33. Rc3 Rab7 34. Rcb3
c6 35. f3 Rxb5 36. Rxb5 Rxb5 37. Rc1 Bg3 38. Kf1 a2 39. Rxc6 Rb1+ 40. Ke2 Rxa1
41. Ra6 Re1+ 42. Kd2 a1=Q 0-1

[Event "Pere Noel"]
[Site "Montreal CAN"]
[Date "2011.12.29"]
[Round "4"]
[White "Zhang, Zhiyuan"]
[Black "Lacroix, Serge"]
[Result "1/2-1/2"]
[WhiteElo "1855"]
[BlackElo "2066"]
[PlyCount "92"]
[EventDate "2011.12.26"]
[EventType "swiss"]
[EventRounds "5"]
[EventCountry "CAN"]

1. e4 Nf6 2. Nc3 e5 3. Nf3 Nc6 4. d4 exd4 5. Nxd4 Bb4 6. Nxc6 Bxc3+ 7. bxc3
bxc6 8. Bd3 d5 9. exd5 Qe7+ 10. Be3 Nxd5 11. Qd2 Nxe3 12. fxe3 O-O 13. O-O Re8
14. e4 Qc5+ 15. Kh1 Re5 16. Rab1 Rh5 17. Bc4 Be6 18. Bxe6 fxe6 19. Qd7 h6 20.
Qxe6+ Kh7 21. Rf3 Rf8 22. Rbf1 Rxf3 23. Rxf3 Qd6 24. Qxd6 cxd6 25. Rd3 Rb5 26.
h3 d5 27. exd5 cxd5 28. Kh2 Kg6 29. a4 Rc5 30. Kg3 Kf5 31. Kf3 Ke5 32. Re3+ Kd6
33. Ke2 Rc4 34. Rf3 Rxa4 35. Rf8 Ra1 36. Rg8 a5 37. Rxg7 a4 38. Rg6+ Kc5 39.
Rxh6 a3 40. Ra6 a2 41. Kd2 Rg1 42. Rxa2 Rxg2+ 43. Kd1 Rh2 44. Ra5+ Kc4 45. Ra4+
Kxc3 46. Ra3+ Kc4 1/2-1/2

[Event "Pere Noel"]
[Site "Montreal CAN"]
[Date "2011.12.30"]
[Round "5"]
[White "Lacroix, Serge"]
[Black "Zhang, Yuanchen"]
[Result "0-1"]
[WhiteElo "1855"]
[BlackElo "1968"]
[PlyCount "65"]
[EventDate "2011.12.26"]
[EventType "swiss"]
[EventRounds "5"]
[EventCountry "CAN"]

1. d4 Nf6 2. c4 e6 3. Nf3 Bb4+ 4. Bd2 Qe7 5. Nc3 b6 6. e3 Bb7 7. Bd3 O-O 8. O-O
d6 9. a3 Bxc3 10. Bxc3 Nbd7 11. Qe2 c5 12. b4 Rad8 13. Rfd1 e5 14. dxe5 Nxe5
15. Nxe5 dxe5 16. bxc5 bxc5 17. Ba5 Rd6 18. Bc2 Ra6 19. Bc3 Ne4 20. Bxe4 Bxe4
21. a4 Rg6 22. f3 Bc6 23. e4 f5 24. Rab1 fxe4 25. fxe4 Qh4 26. Rf1 Qxe4 27.
Rxf8+ Kxf8 28. Qf2+ Ke7 29. Qxc5+ Ke6 30. Rb7 Rxg2+ 31. Kf1 Qd3+ 32. Ke1 Qxc3+
33. Kd1 0-1

[Event "Transcontinental 5 A"]
[Site "Montreal CAN"]
[Date "2011.11.25"]
[Round "1"]
[White "Cardin, Guillaume"]
[Black "Lacroix, Serge"]
[Result "0-1"]
[WhiteElo "2007"]
[BlackElo "1789"]
[PlyCount "104"]
[EventDate "2011.11.25"]
[EventType "tourn"]
[EventRounds "5"]
[EventCountry "CAN"]

1. d4 Nf6 2. c4 e6 3. g3 Bb4+ 4. Bd2 Be7 5. Bg2 d5 6. Nf3 O-O 7. O-O b6 8. Qc2
Bb7 9. Rd1 c5 10. dxc5 bxc5 11. Ne5 Nbd7 12. Nxd7 Qxd7 13. Nc3 d4 14. Ne4 Nxe4
15. Bxe4 Bxe4 16. Qxe4 Rab8 17. b3 f5 18. Qd3 e5 19. e4 f4 20. gxf4 exf4 21. f3
Rb6 22. Kh1 Rh6 23. Rg1 g5 24. Rg2 Rg6 25. Rag1 h6 26. e5 Qf5 27. Qxf5 Rxf5 28.
Re2 Kf7 29. h3 Ra6 30. Bc1 Ke6 31. Rge1 Bd8 32. h4 gxh4 33. Rg1 Bg5 34. Rge1
Rf7 35. Kg2 Re7 36. a4 Rb7 37. Ba3 Be7 38. Rb2 Rab6 39. Reb1 Kf5 40. Kf2 h3 41.
a5 Rg6 42. Rg1 Rxg1 43. Kxg1 Kxe5 44. a6 Rb6 45. Re2+ Kd6 46. Rxe7 Rxa6 47.
Bxc5+ Kxc5 48. Kh2 d3 49. Re1 Kd4 50. Kxh3 d2 51. Rd1 Ke3 52. Kg2 Ke2 0-1

[Event "Transcontinental 5 A"]
[Site "Montreal CAN"]
[Date "2011.11.26"]
[Round "2"]
[White "Lacroix, Serge"]
[Black "Morin, Louis"]
[Result "0-1"]
[WhiteElo "1789"]
[BlackElo "1846"]
[PlyCount "96"]
[EventDate "2011.11.25"]
[EventType "tourn"]
[EventRounds "5"]
[EventCountry "CAN"]

1. d4 e5 2. dxe5 Nc6 3. e4 Nxe5 4. Nf3 Qe7 5. Nc3 Nf6 6. Bg5 c6 7. Be2 d6 8.
O-O h6 9. Bxf6 Nxf3+ 10. Bxf3 Qxf6 11. Bg4 Bxg4 12. Qxg4 Qe6 13. Qg3 O-O-O 14.
a4 g6 15. a5 Bg7 16. Ra4 h5 17. Rd1 h4 18. Qd3 h3 19. g3 Rhe8 20. Qc4 Qxc4 21.
Rxc4 Bxc3 22. bxc3 d5 23. exd5 Rxd5 24. Rcd4 Rxa5 25. f4 Re2 26. R1d2 Ra1+ 27.
Rd1 Rg2+ 28. Kf1 Rxd1+ 29. Rxd1 Rxh2 30. Rd3 Rxc2 31. Kg1 a5 32. g4 Rg2+ 33.
Kf1 Rxg4 34. Rxh3 Rxf4+ 35. Ke2 a4 36. Ke3 Rf5 37. c4 b5 38. cxb5 cxb5 39. Kd4
Kb7 40. Rh4 Kb6 41. Re4 Rc5 42. Re7 Rc7 43. Re8 a3 44. Re2 b4 45. Ra2 Kb5 46.
Kd3 Ka4 47. Rg2 Kb3 48. Rg5 Rd7+ 0-1

[Event "Transcontinental 5 A"]
[Site "Montreal CAN"]
[Date "2011.11.27"]
[Round "4"]
[White "MacIsaac, Alexandre"]
[Black "Lacroix, Serge"]
[Result "0-1"]
[WhiteElo "1651"]
[BlackElo "1789"]
[PlyCount "110"]
[EventDate "2011.11.25"]
[EventType "tourn"]
[EventRounds "5"]
[EventCountry "CAN"]

1. e4 Nf6 2. e5 Nd5 3. d4 d6 4. c4 Nb6 5. exd6 cxd6 6. Nf3 g6 7. Be2 Bg7 8. O-O
O-O 9. Be3 Nc6 10. Qd2 Bg4 11. Na3 Bxf3 12. Bxf3 e5 13. Bh6 Nxd4 14. Bxb7 Rb8
15. Bxg7 Kxg7 16. Be4 f5 17. Bd3 Qf6 18. Rfd1 Na4 19. b3 Nc5 20. Nc2 Nce6 21.
Nxd4 Nxd4 22. Qe3 g5 23. Rac1 Rfc8 24. Bf1 h5 25. g3 h4 26. Bg2 hxg3 27. hxg3
Rc5 28. Kf1 a5 29. Qd2 g4 30. Bd5 Rh8 31. Kg2 Rh3 32. Rh1 Qh6 33. Qxh6+ Rxh6
34. Rxh6 Kxh6 35. Rh1+ Kg7 36. Rh5 Rc8 37. Rg5+ Kf6 38. Rg8 Rxg8 39. Bxg8 e4
40. Bd5 Nc2 41. Kf1 Nb4 42. a3 Nxd5 43. cxd5 Ke5 44. Ke2 Kxd5 45. Ke3 Ke5 46.
Kd2 d5 47. Kc3 d4+ 48. Kc4 d3 49. Kc3 Kd5 50. b4 axb4+ 51. axb4 Kc6 52. Kb2 Kb5
53. Kb3 Kc6 54. Kb2 f4 55. gxf4 e3 0-1

[Event "Transcontinental 5 A"]
[Site "Montreal CAN"]
[Date "2011.11.27"]
[Round "5"]
[White "Lacroix, Serge"]
[Black "Lopez Linares, Lizandro"]
[Result "1-0"]
[WhiteElo "1789"]
[BlackElo "2086"]
[PlyCount "67"]
[EventDate "2011.11.25"]
[EventType "tourn"]
[EventRounds "5"]
[EventCountry "CAN"]

1. d4 Nf6 2. c4 c5 3. d5 b5 4. cxb5 a6 5. bxa6 Bxa6 6. Nc3 d6 7. e4 Bxf1 8.
Kxf1 g6 9. g3 Bg7 10. Nf3 O-O 11. Kg2 Nbd7 12. Re1 Qb8 13. Qc2 Ne8 14. Bg5 f6
15. Be3 Nc7 16. Rac1 Qb7 17. Re2 Rfb8 18. b3 Na6 19. Qd2 Qb4 20. Ne1 c4 21. Nc2
Qa5 22. Nd4 Nb4 23. bxc4 Ne5 24. Nc6 Nxc4 25. Nxa5 Nxd2 26. Nc6 Nxc6 27. dxc6
Nc4 28. Nd5 Nxe3+ 29. fxe3 e6 30. c7 exd5 31. cxb8=Q+ Rxb8 32. Rec2 Rb5 33.
Rc8+ Bf8 34. Ra8 1-0

[Event "Mercredi 2011.11.16 ABVD"]
[Site "Montreal CAN"]
[Date "2011.11.16"]
[Round "1"]
[White "Lacroix, Serge"]
[Black "Millette, Sylvain"]
[Result "1-0"]
[WhiteElo "1809"]
[BlackElo "1594"]
[PlyCount "93"]
[EventDate "2011.11.16"]
[EventType "tourn"]
[EventRounds "5"]
[EventCountry "CAN"]

1. d4 Nf6 2. c4 g6 3. Nc3 d5 4. cxd5 Nxd5 5. e4 Nxc3 6. bxc3 c5 7. Bc4 Bg7 8.
Be3 O-O 9. Ne2 cxd4 10. cxd4 Nc6 11. O-O Na5 12. Bd3 e6 13. Rc1 Nc6 14. Bb1 a6
15. Qd2 Na5 16. Bd3 b5 17. Rc5 Bb7 18. Rfc1 Nc4 19. Bxc4 bxc4 20. f3 Qd7 21.
R1xc4 Rfc8 22. Qc2 Rxc5 23. Rxc5 Rc8 24. Rxc8+ Qxc8 25. Qxc8+ Bxc8 26. Kf2 Kf8
27. Ke1 Ke7 28. Kd2 Kd7 29. h4 f5 30. Kd3 Kc6 31. h5 Bf6 32. e5 Be7 33. hxg6
hxg6 34. g4 Bd7 35. Kc4 Be8 36. Nf4 Bf7 37. Bd2 Bf8 38. Nd3 Be7 39. a4 Be8 40.
a5 Bf7 41. Bb4 Bxb4 42. Nxb4+ Kb7 43. Kc5 fxg4 44. fxg4 g5 45. Kd6 Bh5 46. Kxe6
Bxg4+ 47. Kf6 1-0

[Event "Mercredi 2011.11.16 ABVD"]
[Site "Montreal CAN"]
[Date "2011.11.23"]
[Round "2"]
[White "Lacroix, Serge"]
[Black "Cote, Philippe"]
[Result "1/2-1/2"]
[WhiteElo "1809"]
[BlackElo "1709"]
[PlyCount "66"]
[EventDate "2011.11.16"]
[EventType "tourn"]
[EventRounds "5"]
[EventCountry "CAN"]

1. d4 d6 2. c4 Nf6 3. Nc3 g6 4. e4 Bg7 5. Nf3 O-O 6. Bd3 e5 7. d5 a5 8. O-O Na6
9. Bg5 h6 10. Be3 Nd7 11. Ne1 Ndc5 12. a3 Nxd3 13. Nxd3 f5 14. exf5 Bxf5 15. c5
e4 16. Nf4 Nxc5 17. Bxc5 dxc5 18. Ne6 Bxe6 19. dxe6 Bxc3 20. bxc3 Qxd1 21.
Raxd1 Rfd8 22. e7 Rxd1 23. Rxd1 Re8 24. Rd7 Kf7 25. Rxc7 Rxe7 26. Rxc5 b6 27.
Rc6 Re6 28. Rc7+ Re7 29. Rc8 e3 30. fxe3 Rxe3 31. Kf2 Re6 32. c4 Ke7 33. c5 Kd7
1/2-1/2

[Event "Mercredi 2011.11.16 ABVD"]
[Site "Montreal CAN"]
[Date "2011.11.30"]
[Round "3"]
[White "Gauthier, Luc"]
[Black "Lacroix, Serge"]
[Result "1/2-1/2"]
[WhiteElo "1662"]
[BlackElo "1809"]
[PlyCount "98"]
[EventDate "2011.11.16"]
[EventType "tourn"]
[EventRounds "5"]
[EventCountry "CAN"]

1. e4 Nf6 2. e5 Nd5 3. Nc3 Nb6 4. d4 d6 5. exd6 cxd6 6. Be3 g6 7. Nf3 Bg7 8.
Be2 Bg4 9. h3 Bxf3 10. Bxf3 Nc6 11. Qd3 O-O 12. a3 e5 13. Bxc6 bxc6 14. dxe5 d5
15. O-O-O Bxe5 16. Bh6 Bg7 17. Bxg7 Kxg7 18. Qd4+ Qf6 19. Qxf6+ Kxf6 20. b3
Rfe8 21. Rhe1 h5 22. Kd2 Nd7 23. Rxe8 Rxe8 24. Re1 Rxe1 25. Kxe1 Ke5 26. Kd2
Nc5 27. f3 h4 28. Ne2 g5 29. Ke3 Ne6 30. c3 c5 31. b4 cxb4 32. axb4 a6 33. Nc1
d4+ 34. cxd4+ Nxd4 35. Nd3+ Kd5 36. Kd2 f5 37. Kc3 Nb5+ 38. Kd2 Kc4 39. f4 gxf4
40. Nxf4 Kxb4 41. Kc1 a5 42. Ng6 a4 43. Nxh4 a3 44. Kb1 Kb3 45. Nxf5 a2+ 46.
Ka1 Nc3 47. Nd4+ Kc4 48. Ne2 Nxe2 49. Kxa2 Nf4 1/2-1/2

[Event "Mercredi 2011.11.16 ABVD"]
[Site "Montreal CAN"]
[Date "2011.12.07"]
[Round "4"]
[White "Lacroix, Serge"]
[Black "Pozdnyakov, Alexander"]
[Result "0-1"]
[WhiteElo "1867"]
[BlackElo "1667"]
[PlyCount "71"]
[EventDate "2011.11.16"]
[EventType "tourn"]
[EventRounds "5"]
[EventCountry "CAN"]

1. d4 f5 2. c4 e6 3. Nc3 Nf6 4. g3 Be7 5. Bg2 O-O 6. Nf3 d6 7. O-O Ne4 8. Ne1
Nxc3 9. bxc3 e5 10. Rb1 Nc6 11. e3 Qe8 12. Nd3 Bf6 13. Nb4 Na5 14. Nd5 Bd8 15.
Qe2 Be6 16. dxe5 c6 17. Ba3 cxd5 18. Bxd6 Be7 19. Bxe7 Qxe7 20. cxd5 Bd7 21. e6
Be8 22. Rfd1 Kh8 23. c4 Rc8 24. Rd4 b6 25. Rbd1 Ba4 26. R1d2 Qc5 27. d6 Nxc4
28. e7 Rfe8 29. Rd5 Qb4 30. R2d4 Qb1+ 31. Bf1 Nxd6 32. Rxd6 Bc6 33. Rd8 Qc1 34.
Rxc8 Rxc8 35. Rd8+ Be8 36. Qb5 0-1

[Event "Mercredi 2011.11.16 ABVD"]
[Site "Montreal CAN"]
[Date "2011.12.14"]
[Round "5"]
[White "Hebert, Pierre"]
[Black "Lacroix, Serge"]
[Result "0-1"]
[WhiteElo "1585"]
[BlackElo "1809"]
[PlyCount "76"]
[EventDate "2011.11.16"]
[EventType "tourn"]
[EventRounds "5"]
[EventCountry "CAN"]

1. d4 Nf6 2. c4 e6 3. Nc3 d5 4. Bg5 Be7 5. e3 h6 6. Bh4 O-O 7. Bd3 b6 8. cxd5
exd5 9. h3 Bb7 10. Bg3 a6 11. Nge2 Ne4 12. Bh2 Nd7 13. O-O Ndf6 14. Rc1 c5 15.
Na4 c4 16. Bb1 b5 17. Nac3 Qd7 18. Ng3 Nxg3 19. Bxg3 Ne4 20. Nxe4 dxe4 21. Qg4
Qxg4 22. hxg4 Rfe8 23. f4 Bb4 24. Be1 Bd6 25. Bc2 Bd5 26. b4 Reb8 27. a3 a5 28.
Bc3 axb4 29. axb4 Ra3 30. Bd1 Rba8 31. Rf2 Kf8 32. Rb2 g6 33. Kf1 Ke7 34. g3 f5
35. Ke1 Be6 36. Rh2 Rxc3 37. Rxc3 Bxb4 38. Kd2 Ra3 0-1

[Event "Varennes"]
[Site "Varennes CAN"]
[Date "2011.11.05"]
[Round "2"]
[White "Lacroix, Serge"]
[Black "Ramaswamy, Kiran"]
[Result "1/2-1/2"]
[WhiteElo "1816"]
[BlackElo "1921"]
[PlyCount "44"]
[EventDate "2011.11.04"]
[EventType "swiss"]
[EventRounds "5"]
[EventCountry "CAN"]

1. d4 Nf6 2. c4 c5 3. d5 e5 4. Nc3 d6 5. e4 Be7 6. Nf3 O-O 7. Bd3 Nbd7 8. O-O
Ne8 9. a3 g6 10. Bh6 Ng7 11. b4 b6 12. b5 f5 13. a4 f4 14. a5 a6 15. axb6 Nxb6
16. bxa6 Rxa6 17. Qb3 Rxa1 18. Rxa1 Rf7 19. Bxg7 Rxg7 20. Na4 Nd7 21. Nc3 Nb6
22. Na4 Nd7 1/2-1/2

[Event "Varennes"]
[Site "Varennes CAN"]
[Date "2011.11.05"]
[Round "3"]
[White "Papineau (Granby), Daniel"]
[Black "Lacroix, Serge"]
[Result "1/2-1/2"]
[WhiteElo "2078"]
[BlackElo "1816"]
[PlyCount "115"]
[EventDate "2011.11.04"]
[EventType "swiss"]
[EventRounds "5"]
[EventCountry "CAN"]

1. d4 Nf6 2. c4 e6 3. Nc3 d5 4. cxd5 exd5 5. Bg5 Be7 6. Qc2 O-O 7. e3 b6 8. Bd3
Ba6 9. Nge2 Bxd3 10. Qxd3 c5 11. O-O Nc6 12. Rfd1 c4 13. Qf5 Qd7 14. Qf3 Nb4
15. Nf4 Ne4 16. Bxe7 Qxe7 17. Nfxd5 Nxd5 18. Nxd5 Qh4 19. Rac1 b5 20. Nf4 Rfe8
21. d5 Ng5 22. Qg3 Qxg3 23. hxg3 Ne4 24. Rd4 Nd6 25. Kf1 a5 26. g4 b4 27. Ke2
a4 28. Rdxc4 Nxc4 29. Rxc4 b3 30. axb3 axb3 31. Kd2 g5 32. Nh5 Kf8 33. Nf6 Rec8
34. Kc3 Ke7 35. Ne4 Rxc4+ 36. Kxc4 Ra4+ 37. Kd3 h6 38. f3 Ra1 39. Kc3 Re1 40.
Kxb3 Rxe3+ 41. Nc3 Re1 42. Kc4 Rg1 43. b4 Rxg2 44. b5 f5 45. gxf5 h5 46. Ne4 g4
47. d6+ Kd7 48. fxg4 Rxg4 49. Kd5 Rg1 50. Nf6+ Kd8 51. b6 h4 52. b7 Rb1 53. Kc6
h3 54. Ng4 Rc1+ 55. Kd5 Rd1+ 56. Kc6 Rc1+ 57. Kd5 Rb1 58. Kc6 1/2-1/2